Từ vựng căn bản sơ cấp 1- 3
Enregistré dans:
| Format: | Livre |
|---|---|
| Tags: |
Ajouter un tag
Pas de tags, Soyez le premier à ajouter un tag!
|
| Thư viện lưu trữ: | Mạng thư viện Đại học Đà Nẵng |
|---|
| LEADER | 00411nam a22001691a 4500 | ||
|---|---|---|---|
| 001 | 000036647 | ||
| 003 | 12942 | ||
| 005 | 20160412012704.0 | ||
| 008 | 160412s0 000 | ||
| 082 | |a 4T(07)29-37 | ||
| 245 | |a Từ vựng căn bản sơ cấp 1- 3 | ||
| OWN | |a LNN | ||
| 999 | |a From the UDN01 | ||
| TYP | |a Monograph | ||
| 980 | |a Mạng thư viện Đại học Đà Nẵng | ||